000 00592nam a22002297a 4500
003 UA-OsUOA
001 136896
007 ta
008 20190410b un ||||| |||| 00| 0 ukr d
100 _aЛарра Р.
090 _a860
_bЛ25
942 _cBK
040 _aUA-OsUOA
_bukr
_cUA-OsUOA
_dUA-OsUOA
245 _aГран-чако
300 _a98 с.
955 _a3
041 _aukr
080 _a860
260 _aК.
_bМолодь
_c1958
650 7 _a8 Мовознавство. Художня література. Літературознавство
_2UDC
999 _c421407
_d421407